The effect of Corporate Social Responsibility on Customer Loyalty among Public Bus users in Luanshya Town: The mediating role of Customers Satisfaction (Record no. 41198)

MARC details
000 -LEADER
fixed length control field 00761nam a2200157 a 4500
008 - FIXED-LENGTH DATA ELEMENTS--GENERAL INFORMATION
fixed length control field 220301s2019 ||||||||||||||||| || u
050 ## - LIBRARY OF CONGRESS CALL NUMBER
Classification number CBU-PG THESIS/SIV
100 ## - MAIN ENTRY--PERSONAL NAME
Personal name Sivwimi, Jean
245 14 - TITLE STATEMENT
Title The effect of Corporate Social Responsibility on Customer Loyalty among Public Bus users in Luanshya Town: The mediating role of Customers Satisfaction
Statement of responsibility, etc. By Jean Sivwimi
260 ## - PUBLICATION, DISTRIBUTION, ETC.
Place of publication, distribution, etc. Kitwe
Name of publisher, distributor, etc. Copperbelt University
Date of publication, distribution, etc. 2019
300 ## - PHYSICAL DESCRIPTION
Extent x, 108 Pages : illustrations
650 ## - SUBJECT ADDED ENTRY--TOPICAL TERM
Topical term or geographic name entry element CUSTOMER SATISFACTION
650 ## - SUBJECT ADDED ENTRY--TOPICAL TERM
Topical term or geographic name entry element CUSTOMER LOYALTY - PUBLIC BUS USERS IN LUANSHYA
650 ## - SUBJECT ADDED ENTRY--TOPICAL TERM
Topical term or geographic name entry element CORPORATE SOCIAL RESPONSIBILITY--PRACTICES
995 ## - RECOMMENDATION 995 [LOCAL, UNIMARC FRANCE]
-- CBU-MAIN LIBRARY (Kitwe)
-- 1
-- AVAILABLE
-- Jun 30, 2022
-- University Collection
Holdings
Withdrawn status Lost status Source of classification or shelving scheme Damaged status Not for loan Home library Current library Shelving location Date acquired Total Checkouts Full call number Barcode Date last seen Price effective from Koha item type
          CBU-MAIN LIBRARY, KITWE. CBU-MAIN LIBRARY, KITWE.   11/30/2022   CBU-PG THESIS/SIV B4879 11/30/2022 11/30/2022 MONOGRAPH